Vyhľadávanie, získavanie a výber ľudských zdrojov vo vybranom podniku bakalárska práca

Na minha lista:
Detalhes bibliográficos
Autor principal: Mačingová, Emília
Autor Corporativo: Podnikovohospodárska fakulta EU so sídlom v Košiciach. Katedra manažmentu
Outros Autores: Kravcová, Bibiana
Formato: Livro
Idioma:eslovaco
Publicado em: Košice 2013
Tags: Adicionar Tag
Sem tags, seja o primeiro a adicionar uma tag!

MARC

LEADER 00000nbm a2200000 4500
001 0172306
005 20161109112042.8
041 0 |a slo 
044 |a SK 
245 1 0 |a Vyhľadávanie, získavanie a výber ľudských zdrojov vo vybranom podniku  |b bakalárska práca  |c Emília Mačingová ; školiteľ: Bibiana Kravcová 
264 1 |a Košice  |c 2013 
300 |a 55 s. 
100 1 |a Mačingová, Emília 
700 1 |a Kravcová, Bibiana 
710 2 |a Podnikovohospodárska fakulta EU so sídlom v Košiciach. Katedra manažmentu